<?xml version="1.0" encoding="UTF-8"?><?xml-stylesheet type="text/xsl" href="static/style.xsl"?><OAI-PMH xmlns="http://www.openarchives.org/OAI/2.0/" xmlns:xsi="http://www.w3.org/2001/XMLSchema-instance" xsi:schemaLocation="http://www.openarchives.org/OAI/2.0/ http://www.openarchives.org/OAI/2.0/OAI-PMH.xsd"><responseDate>2026-04-17T05:30:46Z</responseDate><request verb="GetRecord" identifier="oai:www.recercat.cat:2117/444138" metadataPrefix="marc">https://recercat.cat/oai/request</request><GetRecord><record><header><identifier>oai:recercat.cat:2117/444138</identifier><datestamp>2026-01-20T08:13:22Z</datestamp><setSpec>com_2072_1033</setSpec><setSpec>col_2072_452951</setSpec></header><metadata><record xmlns="http://www.loc.gov/MARC21/slim" xmlns:dcterms="http://purl.org/dc/terms/" xmlns:xsi="http://www.w3.org/2001/XMLSchema-instance" xmlns:doc="http://www.lyncode.com/xoai" xsi:schemaLocation="http://www.loc.gov/MARC21/slim http://www.loc.gov/standards/marcxml/schema/MARC21slim.xsd">
   <leader>00925njm 22002777a 4500</leader>
   <datafield ind2=" " ind1=" " tag="042">
      <subfield code="a">dc</subfield>
   </datafield>
   <datafield ind2=" " ind1=" " tag="720">
      <subfield code="a">Tercero Lastres, Javier</subfield>
      <subfield code="e">author</subfield>
   </datafield>
   <datafield ind2=" " ind1=" " tag="260">
      <subfield code="c">2025-09-10</subfield>
   </datafield>
   <datafield ind2=" " ind1=" " tag="520">
      <subfield code="a">This thesis examines how trade barriers affect semiconductor demand and performance across the end-to-end supply chain. A digital twin of the semiconductor supply chain was developed using system dynamics simulation in AnyLogic, structured through an echelon-based model to ensure scalability and consistency. The model was calibrated with real data and expert insights from Infineon Technologies. Trade barriers were incorporated as disruptive one-shot events, allowing the assessment of their impact on supply chain performance. By combining system dynamics with echelon-based modeling, the thesis provides a useful insight into supply chain management during trade barrier induced disruptions. The results confirm that trade barriers act as triggers of the bullwhip effect, amplifying demand volatility throughout the upstream echelons, regardless of end-customer demand stability. In- ventory depletion and capacity constraints emerge as critical accelerators of this volatility. Sen- sitivity analysis highlights the desired inventory coverage as the most influential parameter in balancing resilience and cost efficiency. Notably, findings show that even without changes in final demand, disruptions such as order reallocations or capacity cuts can induce significant instability, leading to perceived demand surges of up to 45%. The study concludes that maintaining enough available capacity and adequate inventory buffers are essential measures to mitigate the risks posed by trade barriers.</subfield>
   </datafield>
   <datafield ind2=" " ind1=" " tag="520">
      <subfield code="a">Outgoing</subfield>
   </datafield>
   <datafield tag="653" ind2=" " ind1=" ">
      <subfield code="a">Àrees temàtiques de la UPC::Enginyeria mecànica</subfield>
   </datafield>
   <datafield tag="653" ind2=" " ind1=" ">
      <subfield code="a">Semiconductor industry</subfield>
   </datafield>
   <datafield tag="653" ind2=" " ind1=" ">
      <subfield code="a">Semiconductors--Indústria i comerç</subfield>
   </datafield>
   <datafield ind2="0" ind1="0" tag="245">
      <subfield code="a">Analysis and proposals for improvement of the supply chain resilience of Infineon Technologies</subfield>
   </datafield>
</record></metadata></record></GetRecord></OAI-PMH>